Statystyki dla Stany USA o najwyższej średniej wysokości

Kliknij tutaj aby rozwiązać quiz!

Ogólne statystyki

  • Ten quiz został rozwiązany 25 razy
  • Średni wynik to 6 z 10

Statystyki odpowiedzi

StopyStanMetry% Poprawnych
5500Nevada1676
74%
6100Utah1859
74%
6800Kolorado2073
70%
3400Montana1036
70%
4100Arizona1250
65%
5700Nowy Meksyk1737
65%
3300Oregon1006
57%
5000Idaho1524
52%
6700Wyoming2042
52%
3030Hawaje924
35%

Rozkład punktacji

Percentyl według liczby udzielonych odpowiedzi

Procent ludzi z każdym wynikiem

Twoja historia wyników

Nie rozwiązałeś tego quizu